000
00466nam a2200145Ia 4500
008
100122s9999 xx 000 0 und d
082
_b
21802
_a
634.8
100
_a
कोप्पीकर गौ रा
245
_a
द्राक्षाची बाग
260
_b
उद्यम प्रकाशन
_c
1966
300
_a
134
630
_a
द्राक्षाची बाग
730
_a
द्राक्षाची बाग
942
_c
BOOK
999
_c
409757
_d
409754